000 00316nam a22001457a 4500
008 231124b ||||| |||| 00| 0 eng d
020 _a9780465019915
041 _aeng
080 _a32
082 _a32GAN
100 _a28
101 _aPPM
245 _aTHE WAR AGAINST THE POOR
_cGANS .J.H
942 _2udc
_cBK
999 _c60532
_d60532